| 000 | 00482nam a2200193Ia 4500 | ||
|---|---|---|---|
| 003 | OSt | ||
| 005 | 20250128162956.0 | ||
| 008 | 210210b1970 xxu||||| |||| 00| 0 eng d | ||
| 040 |
_aAL _c |
||
| 041 | _aKannada | ||
| 082 | _aK894.3 TRIA | ||
| 100 |
_aTRIVENI _927264 _dತ್ರಿವೇಣಿ |
||
| 245 |
_aAvala Mane _bಅವಳ ಮನೆ |
||
| 260 |
_aMaisuru _bD V K Murti _c1970 |
||
| 300 | _a184 | ||
| 690 |
_aKannada Fiction _927265 |
||
| 906 | _a027134 | ||
| 942 |
_2ddc _cBK |
||
| 999 |
_c78433 _d78433 |
||